| 000 | 004480000a22001690004500 | ||
|---|---|---|---|
| 003 | LK-CoMWRAF | ||
| 008 | 230817t ||||| |||| 00| 0 eng d | ||
| 020 | _a9558938122 | ||
| 040 |
_aLK-CoMWRAF _dLK-CoMWRAF _eLK-CoMWRAF |
||
| 041 | _aeng | ||
| 082 |
_a150 _bLEA |
||
| 245 |
_aSleeping and Waking Up _b |
||
| 260 |
_bDar Ul Kitab Publications _aColombo 04 (Sri Lanka) _c |
||
| 300 | _ap.28 | ||
| 490 | _aA series of books for children | ||
| 942 | _cBK | ||
| 999 |
_c1333 _d1333 |
||